El placer de pintar con acrílicos : cuadernos de pintura /

Enregistré dans:
Détails bibliographiques
Auteur principal: Olmedo, Salvador (autor)
Autres auteurs: Lorente Herrera, Juan B. (dirección) (dirección)
Format: Livre
Langue:espagnol
Collection:(El Placer de Pintar)
Sujets:
Tags: Ajouter un tag
Pas de tags, Soyez le premier à ajouter un tag!

MARC

LEADER 00000nam^a2200000^a^4500
001 000178858
005 20250521000000.0
009 20260310101803.077
020 |a 84-8236-298-4 
037 |a Acervo ITESO - Biblioteca 
041 |a ESP 
082 |a 751.  |b PLA V. 2 
100 |a Olmedo, Salvador  |e (autor) 
245 1 3 |a El placer de pintar con acrílicos :  |b cuadernos de pintura /  |c S. Olmedo ; dir. de J.B. Lorente Herrera. 
246 2 |a Título en la cubierta: Acrílicos: cuadernos de pintura 
264 |a Barcelona, España :  |b Idea Books,  |c copyright fecha no identificada 
300 |a 1 folleto (47 p.) 
336 |a texto  |b txt  |2 rdacontenido 
337 |a sin mediación  |b n  |2 rdamedio 
338 |a volumen  |b nc  |2 rdasoporte 
440 4 |a (El Placer de Pintar) 
649 |a XX 
650 |a Acrílico (Pintura) -  |x Técnica 
650 |a Pintura -  |x Técnica 
650 |a Arte -  |x Técnica 
700 |a Lorente Herrera, Juan B.  |e (dirección) 
910 |a Fondo General 
920 |a Impresos - Libros 
930 |a Reserva Especial 
905 |a 103 
901 |a 0500117468  |b IT1  |c REE  |u 20250521 
902 |a https://opac.biblio.iteso.mx/vufind/Record/000178858